Pays les plus proches de la République dominicaine - Mort subite - Statistiques

Statistiques générales
  • Ce quiz a été pris 33 fois
  • Le résultat moyen est 5 sur 15
Answers on the Grid
Answers color-coded by a green-red scale on the quiz's grid according to % correct below.
Haïti
Bahamas
Cuba
Jamaïque
Colombie
Saint-Kitts-et-Nevis
Venezuela
Antigua-et-Barbuda
Dominique
Sainte-Lucie
Saint-Vincent-et-les-Grenadines
Grenade
Barbade
Trinité-et-Tobago
Panama
Canada
Mexique
Belize
Guatemala
El Salvador
Honduras
Guyane
Suriname
Pérou
Bolivie
Équateur
Brésil
Paraguay
Chili
Argentine
 
Statistiques - réponses
Réponse % Correct
Haïti
76%
Cuba
59%
Antigua-et-Barbuda
41%
Bahamas
41%
Jamaïque
41%
Saint-Vincent-et-les-Grenadines
41%
Trinité-et-Tobago
35%
Dominique
24%
Sainte-Lucie
24%
Saint-Kitts-et-Nevis
24%
Barbade
18%
Grenade
18%
Panama
18%
Colombie
6%
Venezuela
6%
Aucun quiz correspondant
Distribution des résultats
% des personnes avec chaque résultat
Percentile par nombre de réponses
Votre historique - résultats
Vous n’avez pas pris ce quiz